| 000 | 00471nam a2200109Ia 4500 | ||
|---|---|---|---|
| 008 | 220216s9999 xx 000 0 und d | ||
| 100 | _aGeorge B | ||
| 245 | 0 | _aStable free radical assisted peroxide vulcanisation: Cure characteristics and vulcanisate properties | |
| 260 | _bIRC 2012. International Rubber Conference, 28-31 October 2012, Kovalam, India, Rubber Research Institute of India, Kottayam and IRRDB, Malaysia, Abstracts, p.107. | ||
| 700 | _aAlex R | ||
| 942 | _cBS | ||
| 999 |
_c51473 _d51473 |
||